[Event "Bundesliga 9899"]
[Site "Deutschland"]
[Date "1998.10.18"]
[Round "2.3"]
[White "Sokolov, Andrei"]
[Black "Huebner, Robert"]
[Result "1/2-1/2"]
[WhiteElo "2580"]
[BlackElo "2560"]
[PlyCount "47"]
[EventDate "1998.10.17"]
[EventType "team"]
[EventRounds "15"]
[EventCountry "GER"]
[SourceTitle "Bundesliga 9899"]
[Source "DeepChess"]
[SourceDate "2005.01.01"]
[SourceVersion "1"]
[SourceVersionDate "2005.01.01"]
[SourceQuality "1"]
[WhiteTeam "SK Viernheim"]
[BlackTeam "SG 1868 Aljech. Solingen"]
[WhiteTeamCountry "GER"]
[BlackTeamCountry "GER"]

1. Nf3 Nf6 2. c4 c6 3. d4 d5 4. e3 Bf5 5. Nc3 e6 6. Bd3 Bxd3 7. Qxd3 Nbd7 8.
O-O Be7 9. e4 dxe4 10. Nxe4 O-O 11. Bd2 Qc7 12. Bc3 Rad8 13. Rad1 Nxe4 14. Qxe4
Bf6 15. Rfe1 c5 16. b3 cxd4 17. Bxd4 Bxd4 18. Nxd4 a6 19. Qe2 Nf6 20. Nf3 Rxd1
21. Rxd1 Rd8 22. Rxd8+ Qxd8 23. Qd2 Qc7 24. Qd4 1/2-1/2

[Event "Bundesliga 9899"]
[Site "Deutschland"]
[Date "1998.10.18"]
[Round "2.4"]
[White "Gabriel, Christian"]
[Black "Schulze, Ulrich"]
[Result "0-1"]
[WhiteElo "2555"]
[BlackElo "2360"]
[PlyCount "46"]
[EventDate "1998.10.17"]
[EventType "team"]
[EventRounds "15"]
[EventCountry "GER"]
[SourceTitle "Bundesliga 9899"]
[Source "DeepChess"]
[SourceDate "2005.01.01"]
[SourceVersion "1"]
[SourceVersionDate "2005.01.01"]
[SourceQuality "1"]
[WhiteTeam "SG 1868 Aljech. Solingen"]
[BlackTeam "SK Viernheim"]
[WhiteTeamCountry "GER"]
[BlackTeamCountry "GER"]

1. d4 d5 2. c4 c6 3. Nf3 Nf6 4. Nc3 dxc4 5. a4 Bf5 6. Ne5 e6 7. f3 Bb4 8. e4
Bxe4 9. fxe4 Nxe4 10. Bd2 Qxd4 11. Nxe4 Qxe4+ 12. Qe2 Bxd2+ 13. Kxd2 Qd5+ 14.
Kc3 Na6 15. Nxc4 Nc7 16. Qe5 O-O-O 17. Be2 f6 18. Qe3 Qxg2 19. Kb3 Kb8 20. Rhg1
Qxh2 21. Rxg7 Nd5 22. Qxe6 Rhe8 23. Qf7 Qh3+ 0-1

[Event "Bundesliga 9899"]
[Site "Deutschland"]
[Date "1998.10.18"]
[Round "2.7"]
[White "Grund, Holger"]
[Black "Chandler, Murray G"]
[Result "0-1"]
[WhiteElo "2340"]
[BlackElo "2555"]
[PlyCount "64"]
[EventDate "1998.10.17"]
[EventType "team"]
[EventRounds "15"]
[EventCountry "GER"]
[SourceTitle "Bundesliga 9899"]
[Source "DeepChess"]
[SourceDate "2005.01.01"]
[SourceVersion "1"]
[SourceVersionDate "2005.01.01"]
[SourceQuality "1"]
[WhiteTeam "SK Viernheim"]
[BlackTeam "SG 1868 Aljech. Solingen"]
[WhiteTeamCountry "GER"]
[BlackTeamCountry "GER"]

1. e4 c5 2. Nf3 d6 3. d4 cxd4 4. Qxd4 a6 5. Be3 Nc6 6. Qb6 Qxb6 7. Bxb6 Nf6 8.
Nc3 g6 9. Bc4 Bg7 10. O-O-O O-O 11. Nd5 Bg4 12. Rhe1 Nd7 13. Be3 Rac8 14. Kb1
Rfe8 15. Be2 Na5 16. h3 Bxf3 17. Bxf3 Nc4 18. Bc1 Nc5 19. Be2 b5 20. f3 Na4 21.
c3 e6 22. Bxc4 Rxc4 23. Ne3 Rc6 24. Rd3 Nc5 25. Rdd1 Rec8 26. Nc2 a5 27. Nd4
Rb6 28. b3 a4 29. Kb2 b4 30. Bd2 axb3 31. axb3 bxc3+ 32. Bxc3 Na4+ 0-1

[Event "Bundesliga 9899"]
[Site "Deutschland"]
[Date "1998.10.18"]
[Round "2.1"]
[White "Lutz, Christopher"]
[Black "Georgiev, Kiril"]
[Result "1/2-1/2"]
[WhiteElo "2595"]
[BlackElo "2675"]
[PlyCount "86"]
[EventDate "1998.10.17"]
[EventType "team"]
[EventRounds "15"]
[EventCountry "GER"]
[SourceTitle "Bundesliga 9899"]
[Source "DeepChess"]
[SourceDate "2005.01.01"]
[SourceVersion "1"]
[SourceVersionDate "2005.01.01"]
[SourceQuality "1"]
[WhiteTeam "SG Porz e.V."]
[BlackTeam "SG Bochum 31"]
[WhiteTeamCountry "GER"]
[BlackTeamCountry "GER"]

1. e4 c5 2. Nf3 d6 3. d4 cxd4 4. Nxd4 Nf6 5. Nc3 a6 6. Be2 Nbd7 7. O-O g6 8. f4
Bg7 9. Kh1 O-O 10. a4 Re8 11. a5 e5 12. fxe5 Rxe5 13. Nf3 Rxa5 14. Rxa5 Qxa5
15. Qxd6 Qc5 16. Bf4 Qxd6 17. Bxd6 b5 18. Ng5 h6 19. Nxf7 Kxf7 20. e5 Bb7 21.
exf6 Nxf6 22. Bd3 Re8 23. Kg1 g5 24. Ne2 Be4 25. Bxe4 Rxe4 26. Ng3 Re6 27. Nf5
Kg6 28. Bb4 Nd5 29. Nxg7 Kxg7 30. Bd2 Kg6 31. Rd1 Nf6 32. Bc3 Ne4 33. Bd4 h5
34. Rf1 Nd6 35. Bc5 Nf5 36. c3 a5 37. Ra1 a4 38. Kf2 Nd6 39. Bxd6 Rxd6 40. Ke3
h4 41. c4 bxc4 42. Rxa4 Rd3+ 43. Ke2 Rb3 1/2-1/2

[Event "Bundesliga 9899"]
[Site "Deutschland"]
[Date "1998.10.18"]
[Round "2.2"]
[White "Krasenkow, Michal"]
[Black "Van Wely, Loek"]
[Result "1/2-1/2"]
[WhiteElo "2660"]
[BlackElo "2605"]
[PlyCount "109"]
[EventDate "1998.10.17"]
[EventType "team"]
[EventRounds "15"]
[EventCountry "GER"]
[SourceTitle "Bundesliga 9899"]
[Source "DeepChess"]
[SourceDate "2005.01.01"]
[SourceVersion "1"]
[SourceVersionDate "2005.01.01"]
[SourceQuality "1"]
[WhiteTeam "SG Bochum 31"]
[BlackTeam "SG Porz e.V."]
[WhiteTeamCountry "GER"]
[BlackTeamCountry "GER"]

1. c4 e5 2. Nc3 Nf6 3. Nf3 Nc6 4. g3 Nd4 5. Bg2 Nxf3+ 6. Bxf3 Bb4 7. Nd5 Nxd5
8. cxd5 Bc5 9. e3 O-O 10. O-O d6 11. Bg2 Bf5 12. d3 Qd7 13. e4 Bg4 14. Bf3 f5
15. Be3 Bh3 16. Re1 Bxe3 17. fxe3 Rf6 18. Bg2 Bxg2 19. Kxg2 fxe4 20. dxe4 Raf8
21. Re2 Qg4 22. Qd3 h5 23. h3 Qf3+ 24. Kh2 Qxe2+ 25. Qxe2 Rf2+ 26. Qxf2 Rxf2+
27. Kg1 Rxb2 28. Rc1 Rxa2 29. Rxc7 Rb2 30. Rd7 a5 31. Rxd6 a4 32. Rd8+ Kf7 33.
Ra8 b5 34. Kf1 Ra2 35. Ra7+ Ke8 36. Ke1 b4 37. Kd1 b3 38. Kc1 Rc2+ 39. Kb1 Rc4
40. Ra8+ Kd7 41. Ra7+ Kd8 42. Ra8+ Kc7 43. Ra7+ Kb6 44. d6 Rc6 45. d7 Rd6 46.
Rxa4 Rxd7 47. Rb4+ Kc6 48. Rxb3 Rd1+ 49. Kc2 Rg1 50. g4 hxg4 51. hxg4 Rxg4 52.
Kd3 Rg2 53. Ra3 g5 54. Ra6+ Kd7 55. Kc4 1/2-1/2

[Event "Bundesliga 9899"]
[Site "Deutschland"]
[Date "1998.10.18"]
[Round "2.3"]
[White "Khalifman, Alexander"]
[Black "Keitlinghaus, Ludger"]
[Result "1/2-1/2"]
[WhiteElo "2660"]
[BlackElo "2500"]
[PlyCount "45"]
[EventDate "1998.10.17"]
[EventType "team"]
[EventRounds "15"]
[EventCountry "GER"]
[SourceTitle "Bundesliga 9899"]
[Source "DeepChess"]
[SourceDate "2005.01.01"]
[SourceVersion "1"]
[SourceVersionDate "2005.01.01"]
[SourceQuality "1"]
[WhiteTeam "SG Porz e.V."]
[BlackTeam "SG Bochum 31"]
[WhiteTeamCountry "GER"]
[BlackTeamCountry "GER"]

1. d4 d5 2. Nf3 c6 3. c4 Nf6 4. Nc3 a6 5. a4 e6 6. Bg5 Nbd7 7. cxd5 exd5 8. e3
a5 9. Bd3 Be7 10. O-O O-O 11. Qc2 Re8 12. Rae1 Nf8 13. Ne5 Ng4 14. Bxe7 Rxe7
15. f4 f6 16. Nxg4 Bxg4 17. Qf2 Qb6 18. h3 Be6 19. g4 Rae8 20. Re2 Qa7 21. Kh1
b6 22. Qf3 Bc8 23. h4 1/2-1/2

[Event "Bundesliga 9899"]
[Site "Deutschland"]
[Date "1998.10.18"]
[Round "2.5"]
[White "Hansen, Curt"]
[Black "Ellers, Holger"]
[Result "1/2-1/2"]
[WhiteElo "2595"]
[BlackElo "2450"]
[PlyCount "154"]
[EventDate "1998.10.17"]
[EventType "team"]
[EventRounds "15"]
[EventCountry "GER"]
[SourceTitle "Bundesliga 9899"]
[Source "DeepChess"]
[SourceDate "2005.01.01"]
[SourceVersion "1"]
[SourceVersionDate "2005.01.01"]
[SourceQuality "1"]
[WhiteTeam "SG Porz e.V."]
[BlackTeam "SG Bochum 31"]
[WhiteTeamCountry "GER"]
[BlackTeamCountry "GER"]

1. c4 b6 2. d4 Bb7 3. Nc3 e6 4. a3 f5 5. d5 Nf6 6. Nh3 Be7 7. g3 O-O 8. Bg2 Na6
9. b4 Ne8 10. O-O c5 11. Nb5 Qc8 12. Qb3 Nac7 13. Nxc7 Qxc7 14. Bb2 exd5 15.
bxc5 Bxc5 16. cxd5 Qd6 17. Rac1 Kh8 18. Nf4 Nf6 19. e3 a5 20. Rfd1 Ba6 21. a4
Rae8 22. Bd4 Bxd4 23. Rxd4 Rc8 24. Rb1 Rc5 25. Bf1 Bxf1 26. Kxf1 Rb8 27. h4 Ne4
28. Kg2 Rc3 29. Qb2 Qc7 30. d6 Qc6 31. Qb5 Rc5 32. Qxc6 Rxc6 33. Rb2 Nxd6 34.
Nd3 Ne4 35. Rxd7 Kg8 36. Rd5 Rd6 37. Nf4 Rbd8 38. Rxf5 Nc5 39. Ra2 Rd2 40. Rxd2
Rxd2 41. h5 Rd7 42. g4 Nxa4 43. Ne6 Rf7 44. Rd5 Ra7 45. f4 h6 46. Kf3 Kf7 47.
Nd8+ Ke8 48. Nc6 Rd7 49. Re5+ Kf8 50. Rf5+ Rf7 51. Rd5 Rc7 52. Rd8+ Kf7 53.
Ne5+ Ke6 54. Rb8 Kd5 55. e4+ Ke6 56. Ke3 Rc3+ 57. Kd4 Rb3 58. Re8+ Kd6 59. Rd8+
Ke6 60. f5+ Kf6 61. Rd6+ Kg5 62. Rg6+ Kh4 63. Nd3 Nc5 64. Nxc5 bxc5+ 65. Kxc5
Rb7 66. Kc6 Re7 67. e5 a4 68. Kd6 Ra7 69. f6 gxf6 70. Rxf6 a3 71. Rf1 a2 72.
Ra1 Kg5 73. e6 Ra3 74. e7 Rd3+ 75. Ke6 Re3+ 76. Kf7 Rf3+ 77. Kg8 Re3 1/2-1/2

[Event "Bundesliga 9899"]
[Site "Deutschland"]
[Date "1998.10.18"]
[Round "2.6"]
[White "Backwinkel, Paul"]
[Black "Nijboer, Friso"]
[Result "0-1"]
[WhiteElo "2395"]
[BlackElo "2580"]
[PlyCount "138"]
[EventDate "1998.10.17"]
[EventType "team"]
[EventRounds "15"]
[EventCountry "GER"]
[SourceTitle "Bundesliga 9899"]
[Source "DeepChess"]
[SourceDate "2005.01.01"]
[SourceVersion "1"]
[SourceVersionDate "2005.01.01"]
[SourceQuality "1"]
[WhiteTeam "SG Bochum 31"]
[BlackTeam "SG Porz e.V."]
[WhiteTeamCountry "GER"]
[BlackTeamCountry "GER"]

1. d4 Nf6 2. Nf3 g6 3. Bg5 Bg7 4. Nbd2 c5 5. Bxf6 Bxf6 6. Ne4 Bxd4 7. Nxd4 cxd4
8. Qxd4 O-O 9. Nc3 Nc6 10. Qd2 Qb6 11. Rb1 Qd4 12. Qxd4 Nxd4 13. Rc1 d6 14. e3
Nc6 15. Be2 Be6 16. O-O Rfc8 17. Rfd1 Rab8 18. Nd5 Bxd5 19. Rxd5 Nb4 20. Ra5 a6
21. c3 e6 22. Ra3 d5 23. Kf1 Rc7 24. Rb3 Nc6 25. Rb6 Rbc8 26. Rd1 Ne5 27. Rd4
Nd7 28. Rb3 b5 29. g3 Nc5 30. Ra3 Rc6 31. Bf3 f5 32. h4 Kg7 33. Kg1 Kf6 34. Bg2
h6 35. Bf3 R8c7 36. Kg2 Ke7 37. Be2 Rc8 38. Kg1 Kf6 39. Kg2 g5 40. hxg5+ hxg5
41. g4 Rh8 42. gxf5 Kxf5 43. b3 Rc7 44. c4 Rch7 45. Bd3+ Nxd3 46. Rxd3 Rh2+ 47.
Kf1 Ke4 48. Ke2 Rf8 49. Rd4+ Ke5 50. cxd5 Rfxf2+ 51. Kd3 exd5 52. Kc3 Rxa2 53.
Rxa2 Rxa2 54. Rg4 Kf5 55. Rd4 g4 56. Rxd5+ Ke4 57. Rd4+ Kf3 58. Rf4+ Kg3 59.
Rf6 Kh3 60. Rh6+ Kg2 61. e4 g3 62. e5 Kf1 63. e6 g2 64. Rf6+ Rf2 65. Rxf2+ Kxf2
66. e7 g1=Q 67. e8=Q Qe1+ 68. Qxe1+ Kxe1 69. Kd3 a5 0-1

[Event "Bundesliga 9899"]
[Site "Deutschland"]
[Date "1998.10.18"]
[Round "2.7"]
[White "Stangl, Markus"]
[Black "Ankerst, Mihael"]
[Result "0-1"]
[WhiteElo "2530"]
[BlackElo "2360"]
[PlyCount "92"]
[EventDate "1998.10.17"]
[EventType "team"]
[EventRounds "15"]
[EventCountry "GER"]
[SourceTitle "Bundesliga 9899"]
[Source "DeepChess"]
[SourceDate "2005.01.01"]
[SourceVersion "1"]
[SourceVersionDate "2005.01.01"]
[SourceQuality "1"]
[WhiteTeam "SG Porz e.V."]
[BlackTeam "SG Bochum 31"]
[WhiteTeamCountry "GER"]
[BlackTeamCountry "GER"]

1. Nf3 Nf6 2. d4 g6 3. c4 Bg7 4. g3 O-O 5. Bg2 d6 6. O-O Nbd7 7. Qc2 a6 8. Rd1
c5 9. e4 Qc7 10. Be3 cxd4 11. Bxd4 Ne5 12. Nbd2 Be6 13. Rac1 Rfc8 14. Qb1 Nxf3+
15. Nxf3 Qa5 16. b3 Bh6 17. Rc3 Nd7 18. Qb2 Qh5 19. Re1 b5 20. cxb5 axb5 21. e5
dxe5 22. Nxe5 Nxe5 23. Bxa8 Rxa8 24. Bxe5 Rd8 25. Qe2 Qf5 26. f4 b4 27. Rc7 Bf8
28. Rcc1 Qh3 29. Rc2 Bg4 30. Qg2 Qh5 31. Rd2 Rc8 32. Bd4 Bf3 33. Qf1 Ba8 34.
Re5 Qg4 35. Rc5 Rd8 36. Be3 Rxd2 37. Bxd2 Qd7 38. Ra5 Bb7 39. Ra7 Qd5 40. Rxb7
Qxb7 41. Be3 Qe4 42. Kf2 e6 43. Qg2 Qc2+ 44. Kf3 Qc6+ 45. Kf2 Qa6 46. Kf3 Qa8+
0-1

[Event "Bundesliga 9899"]
[Site "Deutschland"]
[Date "1998.10.18"]
[Round "2.8"]
[White "Kitte, Sebastian"]
[Black "Van der Wiel, John TH"]
[Result "0-1"]
[WhiteElo "2305"]
[BlackElo "2525"]
[PlyCount "108"]
[EventDate "1998.10.17"]
[EventType "team"]
[EventRounds "15"]
[EventCountry "GER"]
[SourceTitle "Bundesliga 9899"]
[Source "DeepChess"]
[SourceDate "2005.01.01"]
[SourceVersion "1"]
[SourceVersionDate "2005.01.01"]
[SourceQuality "1"]
[WhiteTeam "SG Bochum 31"]
[BlackTeam "SG Porz e.V."]
[WhiteTeamCountry "GER"]
[BlackTeamCountry "GER"]

1. d4 Nf6 2. c4 e6 3. Nc3 Bb4 4. e3 c5 5. Bd3 Nc6 6. Nge2 cxd4 7. exd4 d5 8.
cxd5 Nxd5 9. O-O O-O 10. Bc2 Re8 11. Qd3 g6 12. Rd1 Bf8 13. a3 Bg7 14. Ne4 Qc7
15. Bb3 Bd7 16. Qf3 Nce7 17. Bg5 Bc6 18. Bf6 Nxf6 19. Nxf6+ Bxf6 20. Qxf6 Qb6
21. Rd3 Bd5 22. Ba4 Qxb2 23. Re1 b5 24. Bd1 Be4 25. Rh3 Qd2 26. Rf1 Bf5 27. Rf3
Nd5 28. Qh4 h6 29. g4 Bd3 30. Rxd3 Qxd3 31. Qxh6 Nf6 32. Nf4 Qxd4 33. Bf3 Nxg4
34. Bxg4 e5 35. Bf3 Qxf4 36. Qxf4 exf4 37. Bxa8 Rxa8 38. Kg2 Rc8 39. Rb1 a6 40.
a4 bxa4 41. Rb4 a3 42. Rxf4 a2 43. Ra4 Rc2 44. h4 Kf8 45. Rxa6 Ke7 46. Kf3 Kd7
47. Ke3 Kc7 48. f3 Kb7 49. Ra4 Kc6 50. Kd3 Kb5 51. Ra8 Rf2 52. Kc3 Kc5 53. Ra5+
Kd6 54. Kd4 Rxf3 0-1

[Event "Bundesliga 9899"]
[Site "Deutschland"]
[Date "1998.10.18"]
[Round "2.1"]
[White "Sokolovs, Andrei"]
[Black "Nielsen, Peter Heine"]
[Result "1/2-1/2"]
[WhiteElo "2490"]
[BlackElo "2505"]
[PlyCount "60"]
[EventDate "1998.10.17"]
[EventType "team"]
[EventRounds "15"]
[EventCountry "GER"]
[SourceTitle "Bundesliga 9899"]
[Source "DeepChess"]
[SourceDate "2005.01.01"]
[SourceVersion "1"]
[SourceVersionDate "2005.01.01"]
[SourceQuality "1"]
[WhiteTeam "SK Zaehringen 1921"]
[BlackTeam "SV Wattenscheid 1930"]
[WhiteTeamCountry "GER"]
[BlackTeamCountry "GER"]

1. e4 e5 2. Nf3 Nf6 3. Nxe5 d6 4. Nf3 Nxe4 5. d4 d5 6. Bd3 Nc6 7. O-O Be7 8. c4
Nb4 9. Be2 O-O 10. Nc3 Bf5 11. a3 Nxc3 12. bxc3 Nc6 13. Re1 Bf6 14. Bf4 Na5 15.
cxd5 Qxd5 16. Bxc7 Rac8 17. Be5 Rxc3 18. Bxf6 gxf6 19. Rc1 Rxc1 20. Qxc1 Re8
21. Qc7 Bg6 22. h3 Kg7 23. Bf1 Rxe1 24. Nxe1 Nb3 25. Nf3 Nxd4 26. Nxd4 Qxd4 27.
Qxb7 f5 28. g3 f4 29. gxf4 Qxf4 30. Qxa7 Qg5+ 1/2-1/2

[Event "Bundesliga 9899"]
[Site "Deutschland"]
[Date "1998.10.18"]
[Round "2.2"]
[White "Hall, Jesper"]
[Black "Baklan, Vladimir"]
[Result "1/2-1/2"]
[WhiteElo "2460"]
[BlackElo "2540"]
[PlyCount "72"]
[EventDate "1998.10.17"]
[EventType "team"]
[EventRounds "15"]
[EventCountry "GER"]
[SourceTitle "Bundesliga 9899"]
[Source "DeepChess"]
[SourceDate "2005.01.01"]
[SourceVersion "1"]
[SourceVersionDate "2005.01.01"]
[SourceQuality "1"]
[WhiteTeam "SV Wattenscheid 1930"]
[BlackTeam "SK Zaehringen 1921"]
[WhiteTeamCountry "GER"]
[BlackTeamCountry "GER"]

1. e4 c5 2. Nf3 d6 3. d4 cxd4 4. Nxd4 Nf6 5. Nc3 Nc6 6. Bg5 e6 7. Qd2 a6 8.
O-O-O h6 9. Be3 Bd7 10. f4 b5 11. Bd3 Qc7 12. Bxb5 axb5 13. Ndxb5 Qb8 14. Nxd6+
Bxd6 15. Qxd6 Qxd6 16. Rxd6 Na5 17. b3 Rc8 18. Bd2 Bc6 19. Re1 O-O 20. g3 Nb7
21. Rd4 Nc5 22. e5 Nd5 23. Ne4 Nxe4 24. Rdxe4 Ne7 25. Rd4 Nf5 26. Rd3 Rfd8 27.
Rxd8+ Rxd8 28. Bb4 Kh7 29. c4 Kg6 30. Bc5 Kh5 31. Kc2 Kg4 32. Kc3 Kh3 33. Bg1
h5 34. b4 Bf3 35. b5 Kg2 36. a4 Rd1 1/2-1/2

[Event "Bundesliga 9899"]
[Site "Deutschland"]
[Date "1998.10.18"]
[Round "2.3"]
[White "Pelletier, Yannick"]
[Black "Sjodahl, Pontus"]
[Result "1-0"]
[WhiteElo "2515"]
[BlackElo "2410"]
[PlyCount "77"]
[EventDate "1998.10.17"]
[EventType "team"]
[EventRounds "15"]
[EventCountry "GER"]
[SourceTitle "Bundesliga 9899"]
[Source "DeepChess"]
[SourceDate "2005.01.01"]
[SourceVersion "1"]
[SourceVersionDate "2005.01.01"]
[SourceQuality "1"]
[WhiteTeam "SK Zaehringen 1921"]
[BlackTeam "SV Wattenscheid 1930"]
[WhiteTeamCountry "GER"]
[BlackTeamCountry "GER"]

1. c4 e6 2. Nc3 d5 3. d4 Nf6 4. Bg5 Nbd7 5. e3 Be7 6. Nf3 O-O 7. Rc1 a6 8. Qc2
Re8 9. h3 dxc4 10. a4 c5 11. Bxc4 cxd4 12. Nxd4 Qa5 13. Bh4 Ne5 14. Be2 Bd7 15.
O-O Rac8 16. Qb3 Nc6 17. Qxb7 Nxd4 18. exd4 Rb8 19. Qxa6 Qb4 20. Bg3 Ra8 21.
Qc4 Qxb2 22. Rb1 Qc2 23. Rfc1 Qf5 24. Be5 Rec8 25. Qb3 Bc6 26. Bb5 Bb7 27. Ra1
h5 28. a5 Ne4 29. Nxe4 Rxc1+ 30. Rxc1 Qxe4 31. f3 Qd5 32. Qxd5 Bxd5 33. a6 f6
34. Bg3 Bb4 35. Rc7 Ba5 36. Rb7 Kh7 37. Bd3+ Kh6 38. Bf4+ g5 39. Rh7# 1-0

[Event "Bundesliga 9899"]
[Site "Deutschland"]
[Date "1998.10.18"]
[Round "2.4"]
[White "Holzke, Frank"]
[Black "Roos, Daniel"]
[Result "1/2-1/2"]
[WhiteElo "2410"]
[BlackElo "2430"]
[PlyCount "81"]
[EventDate "1998.10.17"]
[EventType "team"]
[EventRounds "15"]
[EventCountry "GER"]
[SourceTitle "Bundesliga 9899"]
[Source "DeepChess"]
[SourceDate "2005.01.01"]
[SourceVersion "1"]
[SourceVersionDate "2005.01.01"]
[SourceQuality "1"]
[WhiteTeam "SV Wattenscheid 1930"]
[BlackTeam "SK Zaehringen 1921"]
[WhiteTeamCountry "GER"]
[BlackTeamCountry "GER"]

1. e4 c6 2. d4 d5 3. exd5 cxd5 4. c4 Nf6 5. Nc3 e6 6. a3 Nc6 7. Nf3 Be7 8. c5
Ne4 9. Bb5 Bd7 10. O-O O-O 11. Re1 b6 12. Nxe4 dxe4 13. Rxe4 bxc5 14. dxc5 Bxc5
15. Be3 Bxe3 16. Rxe3 Rb8 17. Rd3 Rxb5 18. Rxd7 Qb6 19. b4 Ne5 20. Nxe5 Rxe5
21. h3 Rf5 22. Qd2 a5 23. Rd1 axb4 24. axb4 g6 25. Qb2 Rb5 26. R1d4 Qb8 27. Qd2
Qe5 28. f4 Qf6 29. Rd8 Rb8 30. Rxf8+ Kxf8 31. Rd7 Rb6 32. Rd8+ Kg7 33. Qd4
Qxd4+ 34. Rxd4 Kf6 35. Kf2 e5 36. fxe5+ Kxe5 37. Ke3 f5 38. Kd3 g5 39. Kc3 h5
40. Rc4 h4 41. Kd3 1/2-1/2

[Event "Bundesliga 9899"]
[Site "Deutschland"]
[Date "1998.10.18"]
[Round "2.5"]
[White "Vatter, Hans Joachim"]
[Black "Koehn, Peter"]
[Result "0-1"]
[WhiteElo "2290"]
[BlackElo "2300"]
[PlyCount "86"]
[EventDate "1998.10.17"]
[EventType "team"]
[EventRounds "15"]
[EventCountry "GER"]
[SourceTitle "Bundesliga 9899"]
[Source "DeepChess"]
[SourceDate "2005.01.01"]
[SourceVersion "1"]
[SourceVersionDate "2005.01.01"]
[SourceQuality "1"]
[WhiteTeam "SK Zaehringen 1921"]
[BlackTeam "SV Wattenscheid 1930"]
[WhiteTeamCountry "GER"]
[BlackTeamCountry "GER"]

1. e4 e5 2. Nf3 Nc6 3. Bb5 a6 4. Bxc6 dxc6 5. Nc3 f6 6. d4 exd4 7. Qxd4 Qxd4 8.
Nxd4 Bd7 9. Bf4 O-O-O 10. O-O-O Ne7 11. h4 Ng6 12. Bg3 Ne5 13. Nb3 Bb4 14. Bxe5
fxe5 15. Rd3 Rhf8 16. f3 Bd6 17. Na4 Be6 18. Nac5 Bg8 19. Rdd1 b6 20. Nd3 c5
21. Nf2 c4 22. Nd2 c3 23. Nb3 cxb2+ 24. Kxb2 Be6 25. h5 c5 26. Nd2 c4 27. Nb1
Bc5 28. Rxd8+ Kxd8 29. Nd1 Ke7 30. c3 Kf6 31. Na3 Kg5 32. Nc2 Rd8 33. Kc1 Kf4
34. h6 g6 35. Rf1 Kg3 36. Ne1 b5 37. Kc2 a5 38. a3 Rd7 39. f4 Bg4 40. Nb2 exf4
41. a4 Be2 42. Rh1 b4 43. e5 b3+ 0-1

[Event "Bundesliga 9899"]
[Site "Deutschland"]
[Date "1998.10.18"]
[Round "2.6"]
[White "Straeter, Timo"]
[Black "Maier, Christian"]
[Result "0-1"]
[WhiteElo "2300"]
[BlackElo "2380"]
[PlyCount "58"]
[EventDate "1998.10.17"]
[EventType "team"]
[EventRounds "15"]
[EventCountry "GER"]
[SourceTitle "Bundesliga 9899"]
[Source "DeepChess"]
[SourceDate "2005.01.01"]
[SourceVersion "1"]
[SourceVersionDate "2005.01.01"]
[SourceQuality "1"]
[WhiteTeam "SV Wattenscheid 1930"]
[BlackTeam "SK Zaehringen 1921"]
[WhiteTeamCountry "GER"]
[BlackTeamCountry "GER"]

1. Nf3 c5 2. b3 Nf6 3. Bb2 e6 4. e3 Nc6 5. d4 cxd4 6. exd4 d5 7. Nbd2 Bd6 8. a3
O-O 9. Bd3 Nh5 10. g3 g6 11. O-O Bd7 12. c4 a5 13. Qe2 Re8 14. c5 Bc7 15. Bc3
e5 16. Nxe5 Bxe5 17. dxe5 d4 18. Bb2 Rxe5 19. Qd1 Rxc5 20. f4 Bh3 21. Re1 Nxf4
22. Bc4 Ne6 23. Ne4 Re5 24. Nf2 Rxe1+ 25. Qxe1 Ng5 26. Qe2 b5 27. Bxb5 Qd5 28.
Bxc6 Qxc6 29. Nd3 Re8 0-1

[Event "Bundesliga 9899"]
[Site "Deutschland"]
[Date "1998.10.18"]
[Round "2.7"]
[White "Roos, Jean Luc"]
[Black "Franke, Johannes"]
[Result "1/2-1/2"]
[WhiteElo "2315"]
[BlackElo "2235"]
[PlyCount "89"]
[EventDate "1998.10.17"]
[EventType "team"]
[EventRounds "15"]
[EventCountry "GER"]
[SourceTitle "Bundesliga 9899"]
[Source "DeepChess"]
[SourceDate "2005.01.01"]
[SourceVersion "1"]
[SourceVersionDate "2005.01.01"]
[SourceQuality "1"]
[WhiteTeam "SK Zaehringen 1921"]
[BlackTeam "SV Wattenscheid 1930"]
[WhiteTeamCountry "GER"]
[BlackTeamCountry "GER"]

1. e4 c6 2. d4 d5 3. Nd2 dxe4 4. Nxe4 Nf6 5. Nxf6+ gxf6 6. Be2 Bf5 7. Nf3 Rg8
8. O-O e6 9. c4 Qc7 10. Nh4 Be4 11. f3 Bg6 12. f4 Be4 13. Bf3 Bxf3 14. Qxf3 Nd7
15. Be3 O-O-O 16. d5 Kb8 17. dxc6 Qxc6 18. Qxc6 bxc6 19. Rfd1 Bc5 20. Kf2 Bxe3+
21. Kxe3 Kc7 22. g3 c5 23. Nf3 Nb8 24. Rd2 Nc6 25. Rad1 Rxd2 26. Rxd2 Rb8 27.
g4 h6 28. Ne1 Nb4 29. b3 Rb6 30. Rb2 Ra6 31. Nd3 Nxd3 32. Kxd3 Rd6+ 33. Ke3 Rd1
34. Rf2 Re1+ 35. Kf3 Kd6 36. Rd2+ Ke7 37. h3 a5 38. Kg3 Re4 39. Rd3 Re2 40. a3
Ra2 41. a4 Re2 42. Kh4 Re4 43. Kg3 Re1 44. Kf3 Rh1 45. Kg2 1/2-1/2

[Event "Bundesliga 9899"]
[Site "Deutschland"]
[Date "1998.10.18"]
[Round "2.8"]
[White "Thiel, Thomas"]
[Black "Herbrechtsmeier, Christof"]
[Result "1/2-1/2"]
[WhiteElo "2345"]
[BlackElo "2280"]
[PlyCount "98"]
[EventDate "1998.10.17"]
[EventType "team"]
[EventRounds "15"]
[EventCountry "GER"]
[SourceTitle "Bundesliga 9899"]
[Source "DeepChess"]
[SourceDate "2005.01.01"]
[SourceVersion "1"]
[SourceVersionDate "2005.01.01"]
[SourceQuality "1"]
[WhiteTeam "SV Wattenscheid 1930"]
[BlackTeam "SK Zaehringen 1921"]
[WhiteTeamCountry "GER"]
[BlackTeamCountry "GER"]

1. e4 d6 2. d4 Nf6 3. Nc3 g6 4. g3 Bg7 5. Bg2 O-O 6. Nge2 e5 7. h3 Nc6 8. Be3
Nd7 9. O-O exd4 10. Nxd4 Nde5 11. b3 Nxd4 12. Bxd4 Be6 13. Ne2 Nc6 14. Bxg7
Kxg7 15. c4 Qe7 16. Qd2 Rae8 17. Rae1 Qd7 18. Kh2 f6 19. f4 Kh8 20. Nc3 Qg7 21.
Re3 Bg8 22. Rfe1 Nd8 23. Qf2 a5 24. Bf3 b6 25. Qd2 Ne6 26. Ne2 Re7 27. Kg2 Rfe8
28. Kf2 Rf8 29. h4 Bf7 30. Rh1 Be8 31. f5 Nc5 32. Nf4 Bc6 33. h5 g5 34. Ng6+
Kg8 35. h6 Qf7 36. Nxf8 Qxf8 37. Qd4 Re5 38. a3 Qa8 39. Rhe1 Qf8 40. b4 Nd7 41.
Rh1 Qa8 42. c5 bxc5 43. Qc4+ Kf8 44. bxa5 Qxa5 45. Rb1 Nb6 46. Rxb6 cxb6 47.
Qd3 Ke7 48. Qb3 d5 49. Qa2 c4 1/2-1/2